00738cam a2200241 a 45000010008000000030004000080050017000120080041000290100017000700200032000870400018001190430012001370500021001490820024001702450016001942600027002103000037002374400023002745040054002976100032003516100041003837100072004242516946OSt20230621151345.0930322s1991 enkac b f000 0 eng  a 92233191  a0117016314 (pbk.) :c£6.00 aDLCcDLCdDLC ae-uk---00aJN511b.P37 199100a328.41/072220bHMS00aParliament. aLondon :bHMSO,c1991. a160 p. :bill., ports. ;c22 cm. 0aAspects of Britain aIncludes bibliographical references (p. 157-160).10aGreat Britain.bParliament.20aWestminster Palace (London, England)1 aGreat Britain.bCentral Office of Information.bReference Services.